<?xml version="1.0" encoding="UTF-8"?>
<record
    xmlns:xsi="http://www.w3.org/2001/XMLSchema-instance"
    xsi:schemaLocation="http://www.loc.gov/MARC21/slim http://www.loc.gov/standards/marcxml/schema/MARC21slim.xsd"
    xmlns="http://www.loc.gov/MARC21/slim">

  <leader>01789nam a2200289Ia 4500</leader>
  <controlfield tag="003">OSt</controlfield>
  <controlfield tag="005">20241011114904.0</controlfield>
  <controlfield tag="008">200731s9999    xx            000 0 und d</controlfield>
  <datafield tag="020" ind1=" " ind2=" ">
    <subfield code="a">7505732501</subfield>
  </datafield>
  <datafield tag="020" ind1=" " ind2=" ">
    <subfield code="a">9787505732506</subfield>
  </datafield>
  <datafield tag="040" ind1=" " ind2=" ">
    <subfield code="c">0</subfield>
  </datafield>
  <datafield tag="041" ind1=" " ind2=" ">
    <subfield code="a">chi</subfield>
    <subfield code="h">eng</subfield>
  </datafield>
  <datafield tag="050" ind1=" " ind2=" ">
    <subfield code="a">BR1610</subfield>
    <subfield code="b">.V312 2013</subfield>
  </datafield>
  <datafield tag="100" ind1=" " ind2=" ">
    <subfield code="a">Vanloon, H. W.</subfield>
  </datafield>
  <datafield tag="245" ind1=" " ind2=" ">
    <subfield code="a">&#x5BBD;&#x5BB9;: </subfield>
    <subfield code="b">&#x4EBA;&#x7C7B;&#x7684;&#x89E3;&#x653E; = Tolerance /</subfield>
    <subfield code="c">&#x623F;&#x9F99; ( H. W. Vanloon) &#x8457;; &#x5218;&#x6885;&#x8BD1;</subfield>
  </datafield>
  <datafield tag="246" ind1=" " ind2=" ">
    <subfield code="a">&#x5BEC;&#x5BB9; :</subfield>
    <subfield code="b">&#x4EBA;&#x985E;&#x7684;&#x89E3;&#x653E;/</subfield>
  </datafield>
  <datafield tag="260" ind1=" " ind2=" ">
    <subfield code="a">&#x5317;&#x4EAC;:</subfield>
    <subfield code="b">&#x4E2D;&#x56FD;&#x53CB;&#x8C0A;&#x51FA;&#x7248;&#x516C;&#x53F8;,</subfield>
    <subfield code="c">2013</subfield>
  </datafield>
  <datafield tag="300" ind1=" " ind2=" ">
    <subfield code="a">366 p.</subfield>
    <subfield code="b">;</subfield>
    <subfield code="c">21 cm.</subfield>
  </datafield>
  <datafield tag="500" ind1=" " ind2=" ">
    <subfield code="a">Translation of: Tolerance.</subfield>
  </datafield>
  <datafield tag="505" ind1=" " ind2=" ">
    <subfield code="a">&#x8FD9;&#x662F;&#x4E00;&#x90E8;&#x63CF;&#x5199;&#x4EBA;&#x7C7B;&#x601D;&#x60F3;&#x53D1;&#x5C55;&#x53F2;&#x3001;&#x7545;&#x9500;&#x8FD1;&#x767E;&#x5E74;&#x7684;&#x901A;&#x4FD7;&#x5386;&#x53F2;&#x8BFB;&#x672C;&#xFF0C;&#x662F;&#x5173;&#x4E8E;&#x5BBD;&#x5BB9;&#x548C;&#x81EA;&#x7531;&#x601D;&#x60F3;&#x7684;&#x4EBA;&#x6587;&#x4E3B;&#x4E49;&#x7ECF;&#x5178;&#x4E4B;&#x4F5C;&#x3002;&#x623F;&#x9F99;&#x4ECE;&#x4EBA;&#x6587;&#x4E3B;&#x4E49;&#x7684;&#x7ACB;&#x573A;&#x51FA;&#x53D1;&#xFF0C;&#x7AD9;&#x5728;&#x5168;&#x4EBA;&#x7C7B;&#x7684;&#x9AD8;&#x5EA6;&#xFF0C;&#x501F;&#x52A9;&#x4E8E;&#x5176;&#x8457;&#x540D;&#x7684;&#x201C;&#x5BBD;&#x5BB9;&#x201D;&#x4E4B;&#x773C;&#xFF0C;&#x91CD;&#x65B0;&#x5BA1;&#x89C6;&#x4EBA;&#x7C7B;&#x7531;&#x53F2;&#x524D;&#x65F6;&#x4EE3;&#x3001;&#x53E4;&#x5E0C;&#x814A;&#x3001;&#x53E4;&#x7F57;&#x9A6C;&#x65F6;&#x4EE3;&#x3001;&#x4E2D;&#x4E16;&#x7EAA;&#x3001;&#x6587;&#x827A;&#x590D;&#x5174;&#x65F6;&#x4EE3;&#x5230;&#x73B0;&#x4EE3;&#x51E0;&#x5343;&#x5E74;&#x6587;&#x660E;&#x7684;&#x53D8;&#x8FC1;&#x548C;&#x4EBA;&#x7C7B;&#x5BFB;&#x6C42;&#x81EA;&#x8EAB;&#x89E3;&#x653E;&#x7684;&#x6F2B;&#x957F;&#x5386;&#x7A0B;&#xFF0C;&#x8FD9;&#x671F;&#x95F4;&#xFF0C;&#x5584;&#x4E0E;&#x6076;&#x3001;&#x9ED1;&#x6697;&#x4E0E;&#x5149;&#x660E;&#x3001;&#x8FDB;&#x6B65;&#x4E0E;&#x53CD;&#x52A8;&#x7684;&#x4E0D;&#x65AD;&#x640F;&#x6740;&#xFF0C;&#x52FE;&#x52D2;&#x51FA;&#x4E00;&#x5E45;&#x6CE2;&#x6F9C;&#x58EE;&#x9614;&#x7684;&#x5386;&#x53F2;&#x753B;&#x5377;&#x3002;&#x623F;&#x9F99;&#x5C06;&#x4E00;&#x90E8;&#x6B27;&#x6D32;&#x201C;&#x601D;&#x60F3;&#x89E3;&#x653E;&#x53F2;&#x201D;&#x5199;&#x6210;&#x4E00;&#x90E8;&#x5BBD;&#x5BB9;&#x4E0E;&#x4E13;&#x6A2A;&#x7684;&#x6597;&#x4E89;&#x5386;&#x53F2;&#xFF0C;&#x4ED6;&#x884C;&#x8D70;&#x4E8E;&#x4EBA;&#x7C7B;&#x81EA;&#x8EAB;&#x5BBD;&#x5BB9;&#x4E0E;&#x504F;&#x6267;&#x3001;&#x7F8E;&#x5FB7;&#x4E0E;&#x73B0;&#x5B9E;&#x7684;&#x5BF9;&#x7ACB;&#x4EA4;&#x950B;&#x4E4B;&#x95F4;&#xFF0C;&#x6DF1;&#x5EA6;&#x5256;&#x6790;&#x4EBA;&#x7C7B;&#x7CBE;&#x795E;&#x4E0A;&#x201C;&#x4E0D;&#x5BBD;&#x5BB9;&#x201D;&#x7684;&#x539F;&#x56E0;&#xFF0C;&#x8BB2;&#x8FF0;&#x4EBA;&#x7C7B;&#x594B;&#x6597;&#x4E0E;&#x81EA;&#x6211;&#x6551;&#x8D4E;&#x7684;&#x8DCC;&#x5B95;&#x4F20;&#x5947;&#x3002;&#x623F;&#x9F99;&#x8BA4;&#x4E3A;&#x5BBD;&#x5BB9;&#x5C31;&#x662F;&#x201C;&#x81EA;&#x5DF1;&#x6D3B;&#xFF0C;&#x4E5F;&#x8BA9;&#x522B;&#x4EBA;&#x6D3B;&#x201D;&#xFF0C;&#x4ED6;&#x63D0;&#x5021;&#x4EE5;&#x7406;&#x6027;&#x548C;&#x5BBD;&#x5BB9;&#x4EE3;&#x66FF;&#x65E0;&#x77E5;&#x4E0E;&#x504F;&#x6267;&#xFF0C;&#x5E76;&#x6307;&#x51FA;&#x4EBA;&#x7C7B;&#x53EA;&#x6709;&#x6D88;&#x9664;&#x4E86;&#x81EA;&#x8EAB;&#x7684;&#x6050;&#x60E7;&#xFF0C;&#x624D;&#x80FD;&#x4ECE;&#x6839;&#x672C;&#x4E0A;&#x6D88;&#x9664;&#x4E0D;&#x5BBD;&#x5BB9;&#x3002;</subfield>
  </datafield>
  <datafield tag="650" ind1=" " ind2=" ">
    <subfield code="a">Freedom of religion.</subfield>
  </datafield>
  <datafield tag="650" ind1=" " ind2=" ">
    <subfield code="a">Religious tolerance.</subfield>
  </datafield>
  <datafield tag="650" ind1=" " ind2=" ">
    <subfield code="a">Toleration.</subfield>
  </datafield>
  <datafield tag="700" ind1=" " ind2=" ">
    <subfield code="a">&#x5218;&#x6885;</subfield>
  </datafield>
  <datafield tag="700" ind1=" " ind2=" ">
    <subfield code="a">&#x623F;&#x9F99;</subfield>
  </datafield>
  <datafield tag="942" ind1=" " ind2=" ">
    <subfield code="2">ddc</subfield>
    <subfield code="c">CB</subfield>
  </datafield>
  <datafield tag="952" ind1=" " ind2=" ">
    <subfield code="0">0</subfield>
    <subfield code="1">0</subfield>
    <subfield code="4">0</subfield>
    <subfield code="7">0</subfield>
    <subfield code="a">GETS</subfield>
    <subfield code="b">GETS</subfield>
    <subfield code="c">GEN</subfield>
    <subfield code="d">2020-07-09</subfield>
    <subfield code="l">0</subfield>
    <subfield code="o">BR1610 .V312 2013</subfield>
    <subfield code="p">00000086</subfield>
    <subfield code="r">2020-07-09 00:00:00</subfield>
    <subfield code="w">2020-07-09</subfield>
    <subfield code="y">CB</subfield>
  </datafield>
  <datafield tag="999" ind1=" " ind2=" ">
    <subfield code="c">86</subfield>
    <subfield code="d">86</subfield>
  </datafield>
</record>
